banner koha

Efeitos da incorporacao de capim carrapicho Cenchrus echinatus (L.)sobre o pH, H+, Al3+ e capacidade de retencao de umidade de solos no municipio de Piracicaba [hidrogenio, aluminio, Sao Paulo, Brasil] (Registro n. 111367)

MARC details
000 -LÍDER
campo de controle de tamanho fixo 01341nas a2200361 4500
001 - NÚMERO DE CONTROLE
campo de controle BR8300592
003 - IDENTIFICADOR DO NÚMERO DE CONTROLE
campo de controle BR-BrBNA
005 - DATA E HORÁRIO DA ÚLTIMA TRANSAÇÃO
campo de controle 20231205085426.0
007 - CAMPO FIXO DE DESCRIÇÃO FÍSICA--INFORMAÇÃO GERAL
campo de controle de tamanho fixo ta
008 - CAMPO DE DADOS FIXOS--INFORMAÇÃO GERAL
campo de controle de tamanho fixo 230509b bl.|||p| |||| 00| 00por d
040 ## - FONTE DA CATALOGAÇÃO
Instituição da catalogação original BR-BrBNA
Idioma da catalogação por
Instituição que transcreveu o registro Biblioteca Nacional de Agricultura
041 ## - CÓDIGO DE IDIOMA
Código do idioma do texto/trilha sonora ou título diferente (Pt)
072 ## - CÓDIGO DE CATEGORIA DE ASSUNTO
Código de Categoria de Assunto F22
100 1# - ENTRADA PRINCIPAL--NOME PESSOAL
Nome pessoal Mello, F. de A.F. de
100 1# - ENTRADA PRINCIPAL--NOME PESSOAL
Nome pessoal Freire, F.M.
100 1# - ENTRADA PRINCIPAL--NOME PESSOAL
Nome pessoal Casagrande, J.C.
100 1# - ENTRADA PRINCIPAL--NOME PESSOAL
Nome pessoal Chitolina, J.C.
100 1# - ENTRADA PRINCIPAL--NOME PESSOAL
Nome pessoal Pedras, J.F.
100 1# - ENTRADA PRINCIPAL--NOME PESSOAL
Nome pessoal Stolf, R.
245 1# - TÍTULO
Título Efeitos da incorporacao de capim carrapicho Cenchrus echinatus (L.)sobre o pH, H+, Al3+ e capacidade de retencao de umidade de solos no municipio de Piracicaba [hidrogenio, aluminio, Sao Paulo, Brasil]
246 1# - FORMA VARIANTE DO TÍTULO
Título/título abreviado Effects of the incorporation of capim carrapicho Cenchrus echinatus (L.), on the pH, H+, Al3+ and humidity retention capacity of soils from the municipality of Piracicaba [hydrogen, aluminium, Sao Paulo, Brazil]
650 ## - ASSUNTO--TERMO TÓPICO
Cabeçalho tópico ou nome geográfico CAPIM CARRAPICHO
650 ## - ASSUNTO--TERMO TÓPICO
Cabeçalho tópico ou nome geográfico MATERIA ORGANICA
650 ## - ASSUNTO--TERMO TÓPICO
Cabeçalho tópico ou nome geográfico SOLO
650 ## - ASSUNTO--TERMO TÓPICO
Cabeçalho tópico ou nome geográfico HIDROGENIO
650 ## - ASSUNTO--TERMO TÓPICO
Cabeçalho tópico ou nome geográfico ALUMINIO
650 ## - ASSUNTO--TERMO TÓPICO
Cabeçalho tópico ou nome geográfico UMIDADE DO SOLO
650 ## - ASSUNTO--TERMO TÓPICO
Cabeçalho tópico ou nome geográfico PIRACICABA
650 ## - ASSUNTO--TERMO TÓPICO
Cabeçalho tópico ou nome geográfico SAO PAULO
773 0# - ENTRADA ANALÍTICA
Título Revista de Agricultura (Brazil)
ISSN - International Standard Serial Number ISSN 0034-7655
Partes relacionadas (Nov 1982), v. 57(3) p. 193-202
Número de controle do registro BR8300592
909 ## -
-- 202311
-- Lúcia
-- 55
-- Lúcia Elande
942 ## - ELEMENTOS DE ENTRADA ADICIONADOS (KOHA)
Fonte da classificação ou esquema de arquivamento na estante Classificação AGRIS
Ocultar no OPAC Não
Tipo de material Koha Analítica
Exemplares
Situação do descarte Fonte da classificação ou esquema de arquivamento na estante Situação física Não pode ser emprestado Biblioteca de origem Biblioteca atual Localização na estante Enumeração do periódico / cronologia Total de empréstimos Data de último acesso Número do exemplar Tipo de material Koha Fonte de aquisição
  Classificação AGRIS   Consulta local Biblioteca Nacional de Agricultura - Binagri Biblioteca Nacional de Agricultura - Binagri   (Nov 1982), v. 57(3) p. 193-202   29/11/2023 01 Periódicos Portaria Interministerial nº 164/94

BINAGRI

Telefone: (61)3218-2567/2388/3357/2097 - binagri@agro.gov.br

Ministério da Agricultura e Pecuária , Esplanada dos Ministérios, Bloco D, Anexo B, Brasília/DF, CEP: 70.043-900